PALGRAVE`S GOLDEN TREASURY OF SONGS AND LYRICS / (Record no. 42006)
[ view plain ]
| 000 -LEADER | |
|---|---|
| fixed length control field | 00716nam a2200265Ia 4500 |
| 001 - CONTROL NUMBER | |
| control field | 42040 |
| 005 - DATE AND TIME OF LATEST TRANSACTION | |
| control field | 20240114003448.0 |
| 007 - PHYSICAL DESCRIPTION FIXED FIELD--GENERAL INFORMATION | |
| fixed length control field | ta |
| 008 - FIXED-LENGTH DATA ELEMENTS--GENERAL INFORMATION | |
| fixed length control field | 080606s1960 g b000 u 465 u |
| 040 ## - CATALOGING SOURCE | |
| Original cataloging agency | Cotton College,Assam |
| 041 ## - LANGUAGE CODE | |
| Language code of text/sound track or separate title | 465 |
| 082 ## - DEWEY DECIMAL CLASSIFICATION NUMBER | |
| Classification number | 821.91 |
| Item number | P147G |
| 100 ## - MAIN ENTRY--PERSONAL NAME | |
| Personal name | FLOWER, J.H. . |
| 245 #0 - TITLE STATEMENT | |
| Title | PALGRAVE`S GOLDEN TREASURY OF SONGS AND LYRICS / |
| Statement of responsibility, etc. | J.H. FLOWER. |
| Medium | Textual Documents |
| 250 ## - EDITION STATEMENT | |
| Edition statement | 4TH ED / |
| 260 ## - PUBLICATION, DISTRIBUTION, ETC. | |
| Place of publication, distribution, etc. | CALCUTTA BOMBAY MADRAS LONDON : |
| Name of publisher, distributor, etc. | MACMILLAN AND CO. LTD , |
| Date of publication, distribution, etc. | 1960. |
| 653 ## - INDEX TERM--UNCONTROLLED | |
| Uncontrolled term | ENGLISH SONGS AND LYRICS |
| 653 ## - INDEX TERM--UNCONTROLLED | |
| Uncontrolled term | T/G-ENGLISH |
| 653 ## - INDEX TERM--UNCONTROLLED | |
| Uncontrolled term | T/PG-English |
| 942 ## - ADDED ENTRY ELEMENTS (KOHA) | |
| Source of classification or shelving scheme | Dewey Decimal Classification |
| Koha item type | Books |
| Withdrawn status | Lost status | Damaged status | Not for loan | Collection | Home library | Current library | Date acquired | Coded location qualifier | Total checkouts | Full call number | Barcode | Date last seen | Copy number | Price effective from | Koha item type |
|---|---|---|---|---|---|---|---|---|---|---|---|---|---|---|---|
| Dr. Suryya Kumar Bhuyan Library | Dr. Suryya Kumar Bhuyan Library | 01/02/2012 | 00000 | 821.91 P147G | 40203 | 14/01/2024 | 2 | 01/02/2012 | Books | ||||||
| Dr. Suryya Kumar Bhuyan Library | Dr. Suryya Kumar Bhuyan Library | 01/02/2012 | 00000 | 821.91 P147G | 40200 | 14/01/2024 | 1 | 01/02/2012 | Books | ||||||
| Dr. Suryya Kumar Bhuyan Library | Dr. Suryya Kumar Bhuyan Library | 01/02/2012 | 00000 | 821.91 P147G | 40202 | 14/01/2024 | 3 | 01/02/2012 | Books |
